000 00464nab a2200145Ia 4500
003 ES-SlBCS
005 20210601133736.0
008 140529s2001 xxu||||| |||| 00| 0 por d
041 _apor
100 1 _aAmato, Rita de Cassia Fucci
_9209038
245 0 0 _aSanto Agosthino - De musica
_c Rita de Cassia Fucci Amato
600 0 4 _aAgustín de Hipona-De Musica
_9209039
773 0 _tEducaçao e Filosofia
_gvol. 15, nº. 30, 2001, págs. 131-163
_wRev1534
942 _cAR
999 _c601384
_d601384